Statistics for Girl name quiz =P

Click here to take the quiz!

General Stats

  • This quiz has been taken 29 times
  • The average score is 7 of 15

Answer Stats

HintAnswer% Correct
ann but with two letters after itannie
100%
you might have heard of isabella but what is you replace the a with a eisabelle
88%
when sombody dies and you burn them they turn into what? whatever that is add three more letters after.ashley
75%
another type of flowerdaisy
75%
a type of flowerlily
63%
hares the opposit way but the second last letter is a "a" not a "e"sarah
50%
whose that girl! whose that girl! that shows girl name but with three letter after itjessica
38%
if you spell it backwards its spelled the same wayhannah
38%
from "f.r.i.e.n.d.s" the dumb onephoebe
38%
a very common man hatten name(did i spell man hatten right?)emily
25%
another very common man hatten namemary
25%
a cowgirl nameabigail
25%
my bf dream name (it starts with a h)hailey
25%
the printing presspresley
25%
in house(the show) house's bosslisa
13%

Score Distribution

Percentile by Number Answered

Percent of People with Each Score

Your Score History

You have not taken this quiz